Language Quiz

Random Language or Numbers Quiz

Thirteen in Different Languages Quiz Stats

Quiz Updated Apr 13, 2018

Challenge
Share
Tweet
Embed
Score 0/13 Timer 01:00
1 Play Today
% Correct
thirteen
92.8%
dreizehn
76.3%
trece
66.7%
treize
65%
tredici
63.7%
tri ar ddeg
55.1%
trzynaście
53.6%
on üç
53.2%
dertien
52.1%
treze
49.8%
tizenhárom
35.6%
tigabelas
29.1%
tretton
24.5%

You're not logged in!

Compare scores with friends on all Sporcle quizzes.
Join for Free
OR
Log In

You Might Also Like...

Show Comments

Extras

Top Quizzes Today


Score Distribution

Your Account Isn't Verified!

In order to create a playlist on Sporcle, you need to verify the email address you used during registration. Go to your Sporcle Settings to finish the process.

Report this User

Report this user for behavior that violates our Community Guidelines.

Details: